[Event "Bretagne-ch U16"]
[Site "Ploermel"]
[Date "2007.02.16"]
[Round "6"]
[White "Gueguen, Ronan"]
[Black "Bourgois, Bastien"]
[Result "1/2-1/2"]
[WhiteElo "1880"]
[BlackElo "1908"]
[PlyCount "45"]
[EventDate "2007.02.13"]
[EventType "tourn"]
[EventRounds "6"]
[EventCountry "FRA"]
[SourceTitle "EXT 2008"]
[Source "ChessBase"]
[SourceDate "2007.11.25"]
[SourceVersion "1"]
[SourceVersionDate "2007.11.25"]
[SourceQuality "1"]

1. e4 c5 2. Nc3 Nc6 3. f4 g6 4. Bc4 Bg7 5. d3 e6 6. Nf3 Nge7 7. 0-0 0-0 8. Qe1 d6 9. Qh4 Nd4 10. Bb3 Nxb3 11. axb3 Nc6 12. Qh3 Nd4 13. Rf2 Nxf3+ 14. Qxf3 f5 15. Re2 Bd7 16. Bd2 Bc6 17. Qf1 Qc7 18. Rae1 Rae8 19. Nd1 e5 20. g3 fxe4 21. dxe4 Rf7 22. Nc3 Ref8 23. Rf2 1/2-1/2

[Event "Bretagne-ch U16"]
[Site "Ploermel"]
[Date "2007.02.14"]
[Round "2"]
[White "Stephan, Victor"]
[Black "Gueguen, Ronan"]
[Result "1-0"]
[WhiteElo "2042"]
[BlackElo "1880"]
[PlyCount "43"]
[EventDate "2007.02.13"]
[EventType "tourn"]
[EventRounds "6"]
[EventCountry "FRA"]
[SourceTitle "EXT 2008"]
[Source "ChessBase"]
[SourceDate "2007.11.25"]
[SourceVersion "1"]
[SourceVersionDate "2007.11.25"]
[SourceQuality "1"]

1. d4 d5 2. c4 e6 3. Nc3 Nf6 4. Bg5 Nbd7 5. e3 c6 6. Nf3 Be7 7. Bd3 0-0 8. 0-0 h6 9. Bh4 Nh5 10. Bxe7 Qxe7 11. cxd5 exd5 12. Rc1 f5 13. Qc2 f4 14. e4 g5 15. exd5 g4 16. Bc4 Kg7 17. Rfe1 Qd8 18. d6 Re8 19. Rxe8 Qxe8 20. Re1 Qxe1+ 21. Nxe1 Nb6 22. Qe2 1-0

[Event "FRA-ch U10"]
[Site "Hyeres"]
[Date "2002.??.??"]
[Round "1.4"]
[White "Gueguen, Ronan"]
[Black "Baudifier, Yoan"]
[Result "0-1"]
[WhiteElo "1350"]
[BlackElo "1660"]
[PlyCount "68"]
[EventDate "2002.04.05"]
[EventType "swiss"]
[EventRounds "9"]
[EventCountry "FRA"]
[SourceTitle "EXT 2003"]
[Source "ChessBase"]
[SourceDate "2002.11.25"]
[SourceVersion "1"]
[SourceVersionDate "2002.11.25"]
[SourceQuality "1"]

1. e4 e6 2. Nf3 d5 3. exd5 exd5 4. Bb5+ c6 5. Qe2+ Be6 6. Ba4 Bd6 7. d4 h6 8. a3 Nf6 9. Nc3 0-0 10. 0-0 Re8 11. Ne5 Nbd7 12. h3 Bf5 13. Bf4 Nh7 14. Qe3 f6 15. Qg3 fxe5 16. Bxh6 Qf6 17. Bd2 exd4 18. Rfe1 Rxe1+ 19. Rxe1 Bxg3 20. Nxd5 Bxf2+ 21. Kxf2 cxd5 22. Bb3 Bxc2+ 23. Kg1 Bxb3 24. g3 Ne5 25. Rf1 Qe6 26. g4 Rf8 27. Rc1 Nf3+ 28. Kh1 Nxd2 29. Rg1 Rf1 30. Rxf1 Nxf1 31. Kg1 Qe2 32. g5 Qh2+ 33. Kxf1 Bc4+ 34. Ke1 Qe2# 0-1